Visualizzazione normale
Vista MARC
- Martínez Ruiz, María José
di Personal Name
Records bibliografici associati: 2
001 - CONTROL NUMBER
- control field: 18611
003 - CONTROL NUMBER IDENTIFIER
- control field: IT-RoINE
005 - DATE AND TIME OF LATEST TRANSACTION
- control field: 20150424100815.0
008 - FIXED-LENGTH DATA ELEMENTS
- fixed length control field: 150424|| aca||aabn | a|a d
040 ## - CATALOGING SOURCE
- Original cataloging agency: IT-RoINE
- Transcribing agency: IT-RoINE
100 ## - HEADING--PERSONAL NAME
- Personal name: Martínez Ruiz, María José
670 ## - SOURCE DATA FOUND
- Source citation: Work cat.: (IT-RoINE)0: Martínez Ruiz, María José, La enajenación del patrimonio en Castilla y León (1900-1936) /, 2008.